Southville International School and Colleges
Your cart is empty.
  • Cart
  • Lists
    Public lists Eva Luna New books Lux_list list_1
    Your lists Log in to create your own lists
  • Log in to your account
  • Your cookies
  • Search history
Southville International School and Colleges
  • Advanced search
  • Recent comments
  • Most popular
  • Libraries

Log in to your account

Log in with GOOGLE


If you do not have an external account, but do have a local account, you can still log in:

  1. Home
  2. MARC view: Designing and producing the television commercial /
Normal view MARC view ISBD view

Designing and producing the television commercial / (Record no. 21148)

[ view plain ]
MARC details
000 -LEADER
fixed length control field 00562nam a2200193 a 4500
005 - DATE AND TIME OF LATEST TRANSACTION
control field 20140310183310.0
008 - FIXED-LENGTH DATA ELEMENTS--GENERAL INFORMATION
fixed length control field 051010s19uu xx 00 eng d
020 ## - INTERNATIONAL STANDARD BOOK NUMBER
International Standard Book Number 0205365388
050 ## - LIBRARY OF CONGRESS CALL NUMBER
Classification number HF 6146.T42
Item number .El43 2004
100 ## - MAIN ENTRY--PERSONAL NAME
Personal name Elin, Larry
245 ## - TITLE STATEMENT
Title Designing and producing the television commercial /
Statement of responsibility, etc Larry Elin, Alan Lapides.
260 ## - PUBLICATION, DISTRIBUTION, ETC. (IMPRINT)
Place of publication, distribution, etc Boston :
Name of publisher, distributor, etc Pearson Education, Inc,
Date of publication, distribution, etc 2004.
300 ## - PHYSICAL DESCRIPTION
Extent x, 254 p. ;
Dimensions 26 cm.
521 ## - TARGET AUDIENCE NOTE
Target audience note
650 ## - SUBJECT ADDED ENTRY--TOPICAL TERM
Topical term or geographic name as entry element Television advertising.
700 ## - ADDED ENTRY--PERSONAL NAME
Personal name Lapides, Alan
942 ## - ADDED ENTRY ELEMENTS (KOHA)
Koha item type Books
Source of classification or shelving scheme Library of Congress Classification
Call number prefix Foreign
Holdings
Withdrawn status Lost status Source of classification or shelving scheme Damaged status Home library Current library Shelving location Date acquired Total Checkouts Full call number Barcode Date last seen Copy number Price effective from Koha item type
    Library of Congress Classification   College Library College Library General Circulation Section 01/11/2014   HF 6146.T42 .El43 2004 C6201 05/15/2018 1 01/11/2014 Books

Designing and producing the television commercial /

APA

Elin L., Lapides A., . (2004). Designing and producing the television commercial. Boston: Pearson Education, Inc.

Chicago

Elin Larry, Lapides Alan, . 2004. Designing and producing the television commercial. Boston: Pearson Education, Inc.

Harvard

Elin L., Lapides A., . (2004). Designing and producing the television commercial. Boston: Pearson Education, Inc.

MLA

Elin Larry, Lapides Alan, . Designing and producing the television commercial. Boston: Pearson Education, Inc. 2004.

  • Place hold
  • Print
  • Cite
  • Add to your cart (remove)
  • Save record
    BIBTEX Dublin Core MARCXML MARC (non-Unicode/MARC-8) MARC (Unicode/UTF-8) MARC (Unicode/UTF-8, Standard) MODS (XML) RIS
  • More searches
    Search for this title in:
    Other Libraries (WorldCat) Other Databases (Google Scholar) Online Stores (Bookfinder.com) Open Library (openlibrary.org)

Exporting to Dublin Core...

SOUTHVILLE LIBRARY

Southville International School and Colleges Library

1281 Tropical Ave. Cor. Luxembourg St., BF Homes International, Las Pinas City

Tel. No. 8256374 / 252358 Loc. 117/146

Powered by Koha